[Event "GER-chT U10"]
[Site "Magdeburg"]
[Date "2016.12.28"]
[Round "4.1"]
[White "Dornheim, Carl Friedrich"]
[Black "Grey, Anna"]
[Result "1-0"]
[WhiteElo "1234"]
[BlackElo "929"]
[PlyCount "61"]
[EventDate "2016.12.27"]
[EventType "team-swiss"]
[EventRounds "7"]
[EventCountry "GER"]
[SourceTitle "EXT 2018"]
[Source "ChessBase"]
[SourceDate "2017.10.13"]
[SourceVersion "1"]
[SourceVersionDate "2017.10.13"]
[SourceQuality "1"]
[WhiteTeam "Magdeburg Schachzwerge"]
[BlackTeam "Falkenberg"]
[WhiteTeamCountry "GER"]
[BlackTeamCountry "GER"]

1. e4 c5 2. Nf3 Nc6 3. c3 e6 4. d4 cxd4 5. cxd4 d5 6. e5 Bb4+ 7. Bd2 Bxd2+ 8. Qxd2 Nge7 9. Bd3 0-0 10. 0-0 f5 11. Nc3 a6 12. Rac1 b5 13. a3 Bb7 14. Rfd1 Rc8 15. Be2 Ng6 16. Ng5 Nce7 17. Nxe6 Qe8 18. Nxf8 Qxf8 19. Bh5 Qd8 20. Bxg6 Nxg6 21. Ne2 Ne7 22. Rxc8 Bxc8 23. Nf4 h6 24. Rc1 Bd7 25. Rc5 Bc6 26. Ng6 Bb7 27. Nxe7+ Qxe7 28. Qe3 Qg5 29. Rc7 Qg4 30. g3 Kh7 31. Rxb7 1-0

[Event "GER-ch U10 Girls"]
[Site "Willingen"]
[Date "2016.05.21"]
[Round "11"]
[White "Grey, Anna"]
[Black "Peglau, Dora"]
[Result "0-1"]
[WhiteElo "964"]
[BlackElo "1066"]
[PlyCount "52"]
[EventDate "2016.05.15"]
[EventType "swiss"]
[EventRounds "11"]
[EventCountry "GER"]
[SourceTitle "CBM 172 Extra"]
[Source "ChessBase"]
[SourceDate "2016.06.21"]
[SourceVersion "1"]
[SourceVersionDate "2016.06.21"]
[SourceQuality "1"]

1. f4 d5 2. d4 Nc6 3. e3 Nf6 4. Bd3 Bg4 5. Nf3 Ne4 6. Nbd2 Nxd2 7. Bxd2 g6 8. Qe2 Bg7 9. 0-0-0 0-0 10. h3 Bxf3 11. Qxf3 a6 12. g4 b5 13. h4 b4 14. h5 a5 15. hxg6 fxg6 16. f5 a4 17. fxg6 Rxf3 18. gxh7+ Kh8 19. g5 b3 20. a3 bxc2 21. Bxc2 Rb8 22. g6 Qc8 23. Bxa4 Qb7 24. Bc3 Rxe3 25. Rd2 Rxc3+ 26. bxc3 Qb1# 0-1

[Event "GER-ch U10 Girls"]
[Site "Willingen"]
[Date "2016.05.20"]
[Round "9"]
[White "Gossing, Marie Sophie"]
[Black "Grey, Anna"]
[Result "1/2-1/2"]
[WhiteElo "808"]
[BlackElo "964"]
[PlyCount "88"]
[EventDate "2016.05.15"]
[EventType "swiss"]
[EventRounds "11"]
[EventCountry "GER"]
[SourceTitle "CBM 172 Extra"]
[Source "ChessBase"]
[SourceDate "2016.06.21"]
[SourceVersion "1"]
[SourceVersionDate "2016.06.21"]
[SourceQuality "1"]

1. e4 c5 2. d4 cxd4 3. c3 dxc3 4. Nxc3 e5 5. Nf3 Nc6 6. Bb5 a6 7. Bxc6 bxc6 8. Nxe5 Bb7 9. Qe2 d6 10. Nc4 Be7 11. 0-0 Nf6 12. Rd1 Qc7 13. Bf4 0-0 14. e5 dxe5 15. Bxe5 Qc8 16. Nb6 Qe6 17. Nxa8 Rxa8 18. Re1 Re8 19. Bxf6 Qxf6 20. Ne4 Qg6 21. Ng3 h6 22. Qe4 Qf6 23. Re2 Bc8 24. Rc1 Bd7 25. Rce1 Kf8 26. Qd3 Bc8 27. Ne4 Qf5 28. Qd2 Qd7 29. Qxd7 Bxd7 30. Nc3 Bb4 31. Rxe8+ Bxe8 32. Re3 Bxc3 33. bxc3 Bd7 34. Kf1 Be6 35. a4 Ke7 36. Ke1 Kd6 37. Re4 Kd5 38. Rd4+ Ke5 39. Kd2 Bd5 40. Rg4 g6 41. f4+ Kf5 42. h3 h5 43. Rg3 Kxf4 44. Re3 Bxg2 1/2-1/2

[Event "GER-ch U10 Girls"]
[Site "Willingen"]
[Date "2016.05.17"]
[Round "5"]
[White "Lorenz, Anouk"]
[Black "Grey, Anna"]
[Result "0-1"]
[WhiteElo "1187"]
[BlackElo "964"]
[PlyCount "134"]
[EventDate "2016.05.15"]
[EventType "swiss"]
[EventRounds "11"]
[EventCountry "GER"]
[SourceTitle "CBM 172 Extra"]
[Source "ChessBase"]
[SourceDate "2016.06.21"]
[SourceVersion "1"]
[SourceVersionDate "2016.06.21"]
[SourceQuality "1"]

1. e4 c5 2. Nc3 Nc6 3. f4 e6 4. Nf3 d5 5. a4 a6 6. Be2 Nf6 7. e5 Nd7 8. 0-0 Be7 9. d4 0-0 10. Qe1 cxd4 11. Na2 Bc5 12. Bd3 Qe7 13. Qg3 b6 14. Qh3 h6 15. Re1 Bb7 16. Kh1 a5 17. c3 Ba6 18. Bc2 b5 19. axb5 Bxb5 20. f5 exf5 21. Qxf5 d3 22. Bb1 Qe6 23. Qf4 Rae8 24. Bd2 Ndxe5 25. b4 axb4 26. cxb4 Bb6 27. Nc3 Bc4 28. b5 Bxb5 29. Nxb5 Re7 30. Bxd3 Rfe8 31. h3 Qd7 32. Nxe5 Nxe5 33. Qg3 Bf2 34. Qxf2 Nxd3 35. Qg3 Nxe1 36. Rxe1 Rxe1+ 37. Bxe1 Qxb5 38. Kh2 Qb1 39. Bc3 Qg6 40. Qf3 Rd8 41. Kg1 Qd6 42. Kf2 Re8 43. Qg4 Qg6 44. Qf3 Qg5 45. g4 Re4 46. Qd3 Qf4+ 47. Qf3 Qxf3+ 48. Kxf3 Re8 49. h4 Kh7 50. Kf4 Re4+ 51. Kf3 Kg6 52. Bb2 f6 53. Bc3 h5 54. gxh5+ Kxh5 55. Bd2 Kxh4 56. Bc3 g5 57. Bxf6 Rf4+ 58. Ke3 Rxf6 59. Kd3 Rf4 60. Ke3 d4+ 61. Ke2 g4 62. Kd2 Rf3 63. Ke2 d3+ 64. Ke1 g3 65. Kd1 Rf2 66. Kc1 g2 67. Kd1 g1Q# 0-1

[Event "GER-ch U25 op-B"]
[Site "Willingen"]
[Date "2015.05.29"]
[Round "8"]
[White "Grey, Anna"]
[Black "Raasch, Hauke"]
[Result "1/2-1/2"]
[WhiteElo "853"]
[BlackElo "1107"]
[PlyCount "137"]
[EventDate "2015.05.24"]
[EventType "swiss"]
[EventRounds "9"]
[EventCountry "GER"]
[SourceTitle "CBM 166 Extra"]
[Source "ChessBase"]
[SourceDate "2015.06.18"]
[SourceVersion "1"]
[SourceVersionDate "2015.06.18"]
[SourceQuality "1"]

1. c4 e5 2. Nc3 Nc6 3. e4 d6 4. d3 g6 5. a3 a5 6. Bd2 Bg7 7. Nf3 Nge7 8. Be2 0-0 9. 0-0 h6 10. Qc1 Kh7 11. Ne1 f5 12. exf5 Nxf5 13. Nc2 Nfd4 14. Nxd4 Nxd4 15. Bd1 Bf5 16. Qb1 Bf6 17. Ne2 Bg5 18. Bxg5 Qxg5 19. Ng3 Be6 20. Qc1 Qe7 21. Bc2 Bf5 22. Qd2 Nxc2 23. Qxc2 Bd7 24. Rad1 Bc6 25. Qe2 Rae8 26. Rde1 h5 27. f3 Qh4 28. b3 Qd4+ 29. Rf2 h4 30. Nf1 Rf5 31. Kh1 g5 32. g4 hxg3 33. Nxg3 Rf7 34. Ne4 Bxe4 35. Qxe4+ Qxe4 36. Rxe4 Rf4 37. Rxf4 gxf4 38. Rg2 Ra8 39. h3 a4 40. bxa4 Rxa4 41. Rb2 b6 42. Ra2 Kg6 43. Kg2 Kg5 44. Kh2 Kh4 45. Kg2 Ra8 46. Kh2 Rb8 47. a4 Ra8 48. Ra1 Ra5 49. Ra3 d5 50. cxd5 Rxd5 51. Rc3 Ra5 52. Rxc7 Rxa4 53. Re7 Ra2+ 54. Kg1 Kxh3 55. Rxe5 Kg3 56. Kf1 Kxf3 57. Ke1 Rb2 58. Kd1 b5 59. Kc1 Rb3 60. Kc2 Ra3 61. Rxb5 Kg2 62. Rg5+ Kf2 63. d4 Rg3 64. Re5 Kf1 65. d5 f3 66. d6 f2 67. d7 Kg2 68. d8Q f1Q 69. Qd5+ 1/2-1/2